| 000 | 00750nam a2200277Ia 4500 | ||
|---|---|---|---|
| 003 | SMC | ||
| 005 | 20170131154439.0 | ||
| 008 | 160418s9999 xx 000 0 und d | ||
| 020 | _a971-27-1480-2 | ||
| 050 | _aREF GV 1703.P5 | ||
| 050 | _b.S26 2004 | ||
| 100 | _aSantos, Isabel A. | ||
| 245 | _aBayanihan : | ||
| 245 | _bthe national dance company of the Philippines : a memory of six continents / | ||
| 245 | _cIsabel A. Santos. | ||
| 260 | _aPasig City: | ||
| 260 | _bAnvil Pub. Inc., | ||
| 260 | _c2004 | ||
| 300 | _a210 pages : | ||
| 300 | _bcolor illustrations. ; | ||
| 300 | _c23 cm. | ||
| 650 | _aFolk dancing -- Philippines. | ||
| 650 | _xBayanihan Philippines Dance Company. | ||
| 650 | _xSports. | ||
| 942 |
_2lcc _cBK |
||
| 999 |
_c293374 _d293374 |
||